000 00602nam a2200217 a 4500
005 20260322212020.0
008 data
010 _a 86046152
020 _a0394471482
020 _a9780394471488
050 0 _aHQ769
_b.B5249 1987
100 1 _aBettelheim, Bruno.
245 1 2 _aA good enough parent :
_ba book on child-rearing /
_cBruno Bettelheim.
250 _a1st ed.
260 0 _aNew York :
_bDistributed by Random House,
_bDistributed by Random House,
_c1987.
300 _axii, 377 p. ;
_c24 cm.
650 0 _aChild rearing.
650 0 _aParenting.
650 0 _aChild psychology.
001 data
999 _c438
_d438